00563 2200217 4500001002100000005001500021035002000036007000300056008004100059020002200100082000800122084001400130100002000144245005500164260003300219300003100252650002600283504001600309990001000325990001000335INLIS00000000000173120241204123824 a0010-1224000054ta241204 g 0 ind  a978-602-7640-50-4 a813 a813 RAJ k0 aRajagopalachari1 aKitab Epos Mahabarata :bSastra /cRajagopalachari aYogyakarta :bIRCiSoD,c2012 a482 hlm :bilus ;c24,5 cm 4aKitab Epos Mahabarata aBibliografi a03425 a03426